Approaches and Methods in Language Teaching : (Record no. 4880)
[ view plain ]
| 000 -LEADER | |
|---|---|
| fixed length control field | 00696nam a2200229Ia 4500 |
| 003 - CONTROL NUMBER IDENTIFIER | |
| control field | BUBTL |
| 008 - FIXED-LENGTH DATA ELEMENTS--GENERAL INFORMATION | |
| fixed length control field | 151213s9999 xx 000 0 und d |
| 020 ## - INTERNATIONAL STANDARD BOOK NUMBER | |
| International Standard Book Number | 0521683254 |
| 082 ## - DEWEY DECIMAL CLASSIFICATION NUMBER | |
| Classification number | 418.0071/ R3901a/ 2001 |
| Item number | |
| 100 ## - MAIN ENTRY--PERSONAL NAME | |
| Personal name | Richards, jack C. |
| 9 (RLIN) | 4641 |
| 245 ## - TITLE STATEMENT | |
| Title | Approaches and Methods in Language Teaching : |
| Statement of responsibility, etc. | Jack C. Richards, Theodore S. Rodgers |
| 250 ## - EDITION STATEMENT | |
| Edition statement | 2nd |
| 260 ## - PUBLICATION, DISTRIBUTION, ETC. (IMPRINT) | |
| Place of publication, distribution, etc. | U.K |
| Name of publisher, distributor, etc. | Cambirdge university press |
| Date of publication, distribution, etc. | c2001 |
| 300 ## - PHYSICAL DESCRIPTION | |
| Extent | 270p. : |
| Other physical details | 23 cm |
| 500 ## - GENERAL NOTE | |
| General note | Includes Index |
| 650 ## - SUBJECT ADDED ENTRY--TOPICAL TERM | |
| Topical term or geographic name as entry element | English Language |
| 9 (RLIN) | 194 |
| 650 ## - SUBJECT ADDED ENTRY--TOPICAL TERM | |
| Topical term or geographic name as entry element | |
| 9 (RLIN) | 4658 |
| 700 ## - ADDED ENTRY--PERSONAL NAME | |
| Personal name | Jack C. Richards, Theodore S. Rodgers |
| 9 (RLIN) | 4659 |
| 856 ## - ELECTRONIC LOCATION AND ACCESS | |
| Password | 0 |
| Logon | 0 |
| Link text | Download |
| 942 ## - ADDED ENTRY ELEMENTS (KOHA) | |
| Source of classification or shelving scheme | |
| Koha item type | Books |
| Withdrawn status | Lost status | Source of classification or shelving scheme | Damaged status | Not for loan | Collection code | Permanent location | Current location | Shelving location | Date acquired | Source of acquisition | Inventory number | Total Checkouts | Full call number | Barcode | Date last seen | Copy number | Price effective from | Koha item type | Date last checked out |
|---|---|---|---|---|---|---|---|---|---|---|---|---|---|---|---|---|---|---|---|
| Non-fiction | Bangladesh University of Business and Technology Library | Bangladesh University of Business and Technology Library | English Literature Stacks | 07/21/2011 | Purchase | 10693 | 418.0071/ R3901a/ 2001 | BUBTL-200310693 | 09/13/2022 | C-1 | 09/13/2022 | Books | |||||||
| Not For Loan | Non-fiction | Bangladesh University of Business and Technology Library | Bangladesh University of Business and Technology Library | English Literature Stacks | 07/21/2011 | Purchase | 10694 | 418.0071/ R3901a/ 2001 | BUBTL-200310694 | 09/13/2022 | C-2 | 09/13/2022 | Books | ||||||
| Non-fiction | Bangladesh University of Business and Technology Library | Bangladesh University of Business and Technology Library | English Literature Stacks | 04/20/2017 | Purchase | 23934 | 418.0071/ R3901a/ 2001 | BUBTL-200323934 | 09/18/2022 | C-3 | 09/18/2022 | Books | |||||||
| Non-fiction | Bangladesh University of Business and Technology Library | Bangladesh University of Business and Technology Library | English Literature Stacks | 04/20/2017 | Purchase | 23931 | 418.0071/ R3901a/ 2001 | BUBTL-200323931 | 09/20/2022 | C-4 | 09/20/2022 | Books | |||||||
| Non-fiction | Bangladesh University of Business and Technology Library | Bangladesh University of Business and Technology Library | English Literature Stacks | 04/20/2017 | Purchase | 23932 | 2 | 418.0071/ R3901a/ 2001 | BUBTL-200323932 | 09/26/2023 | C-5 | 09/20/2022 | Books | 09/21/2023 | |||||
| Non-fiction | Bangladesh University of Business and Technology Library | Bangladesh University of Business and Technology Library | English Literature Stacks | 04/20/2017 | Purchase | 23935 | 418.0071/ R3901a/ 2001 | BUBTL-200323935 | 09/20/2022 | C-6 | 09/20/2022 | Books |
